Name the Biggest city in each Indian State - Statistics

General Stats
  • This quiz has been taken 20 times
  • The average score is 14 of 29
Answer Stats
Hint Answer % Correct
Karnataka Bangalore
100%
Maharashtra Mumbai
95%
Gujarat Ahmedabad
89%
Tamil Nadu Chennai
89%
Rajasthan Jaipur
89%
West Bengal Kolkata
89%
Telangana Hyderabad
84%
Uttar Pradesh Lucknow
79%
Bihar Patna
68%
Jammu and Kashmir Srinagar
58%
Himachal Pradesh Shimla
53%
Madhya Pradesh Indore
47%
Odisha Bhubaneswar
42%
Uttarakhand Dehradun
42%
Chhattisgarh Raipur
42%
Goa Vasco da Gama
42%
Assam Guwahati
37%
Arunachal Pradesh Itanagar
37%
Andhra Pradesh Visakhapatnam
37%
Sikkim Gangtok
32%
Punjab Ludhiana
32%
Meghalaya Shillong
32%
Kerala Thiruvananthapuram
32%
Mizoram Aizawl
26%
Jharkhand Jamshedpur
26%
Tripura Agartala
21%
Haryana Faridabad
16%
Nagaland Dimapur
11%
Manipur Tamenglong
0%
No matching quizzes found
Score Distribution
Percent of People with Each Score
Percentile by Number Answered
Your Score History
You have not taken this quiz